Chômage et contrat social.

Pravá povaha vonkajšej obavy z nezamestnanosti z rozličných príčin. Liberálne a inštitucionálne riešenia problému pomerne veľkej ľudnatosti. Práca ako plán a práca ako tovar. Práca, plán budúcnosti, sa pretvára na prácu-tovar. (Observations et diagnostics économiques, Lettre de l'OFCE 15.6.1992.).

Gespeichert in:
Bibliographische Detailangaben
1. Verfasser: Fitoussi, J.-P
Format: Buchkapitel
Sprache:Französisch
Schlagworte:
Tags: Tag hinzufügen
Keine Tags, Fügen Sie das erste Tag hinzu!

MARC

LEADER 00000naa a2200000 4500
001 r010270
005 20220913124959.8
041 0 |a fre 
044 |a FR 
245 1 0 |a Chômage et contrat social.  |c J.-P. Fitoussi 
520 |a Pravá povaha vonkajšej obavy z nezamestnanosti z rozličných príčin. Liberálne a inštitucionálne riešenia problému pomerne veľkej ľudnatosti. Práca ako plán a práca ako tovar. Práca, plán budúcnosti, sa pretvára na prácu-tovar. (Observations et diagnostics économiques, Lettre de l'OFCE 15.6.1992.). 
610 2 0 |a nezamestnanosť 
610 2 0 |a trh práce 
610 2 0 |a práca 
610 2 0 |a preľudnenie relatívne 
100 1 |a Fitoussi, J.-P.